000 00876nam a2200253Ia 4500
003 OSt
005 20220923211332.0
006 a|||||r|||| 00| 0
007 ta
008 Pun
020 _a9788182991668 (hbk)
_c600
024 _a327,928
037 _bSP/5380, 17/03/2018, Star Publications (Pvt.) Ltd.
_cTextual
040 _aARTS
_cARTS
_bPun
041 _2Pun
_aPun
082 _aQ8441, 153Q7
100 _aਗਿਲ, ਮਹਿੰਦਰ ਕੌਰ, ਂਚ.
_9158645
245 0 _aਜਨ ਪਰਉਪਕਾਰੀ ਆਏ
260 _aਨਵੀ੍ਵ ਦਿੱਲੀ
_b ਆਰਸੀ ਪਬਲਿFਰਗ਼
_c2017
300 _a160ਪ0
_ccm.
650 _aਸਿੱਖ ਧਰਮ
_9156314
942 _hQ8441, 153Q7
_cTEXL
_2CC
999 _c298581
_d298581